00584nam a2200181 a 450000100100000000500170001000800410002704000250006808200140009310000250010724500240013224600230015626000570017930000280023604900090026495201120027399900170038500002392520200930022556.0110117s1987 ck a r 000 | spa d aDO-SdBNPbspacBNPHU axxxbK88c1 aKozel, Carlos92216310aCurese ud. mismo /.11iCurese usted mismo aBogotá :bLa Misión "La Verdad Presente",c1987. a270 p. :bli. ;c20 cm. aBNGR 001050718MOaGRbGRcCTd2011-01-17iLF1l0oxxx K88cp23925-10r2020-06-25w2020-06-25y1ZNo se presta c23421d23421